000 00565nam a2200229Ia 4500
003 OSt
005 20220924143212.0
006 a|||||r|||| 00| 0
007 ta
008 220923b |||||||| |||| 00| 0 ori d
024 _a307220
037 _cTextual
040 _aARTS
_cARTS
_bORI
041 _2ORI
_aORI
082 _aO1591,1x, L3
100 _aUtak Univir
_9215064
245 0 _aKabita sanchayan
260 _c1973
650 _aORIYA LITERATURE
_927692
942 _hO1591,1x, L3
_cTEXL
_2CC
999 _c453592
_d453592